MARC

LEADER 00000nam0a2200000 4500
001 226223
005 20231101230721.0
035 |a (RuTPU)RU\TPU\book\246592 
090 |a 226223 
100 |a 20121120d1967 k y0rusy50 ca 
101 0 |a rus 
102 |a UA 
105 |a a z 001zy 
200 1 |a Теория и расчет железобетонных стержневых конструкций с учетом длительных процессов  |f И. И. Улицкий 
210 |a Киев  |c Будiвельник  |d 1967 
215 |a 347 с.  |c ил. 
320 |a Библиогр. в конце ст. 
606 1 |a Железобетонные конструкции  |x Расчет,проектирование,конструирование  |2 stltpush  |3 (RuTPU)RU\TPU\subj\10663  |9 37703 
610 1 |a железобетонные конструкции 
610 1 |a стержневые конструкции 
610 1 |a теория 
610 1 |a расчет 
610 1 |a напряженно-деформированное состояние 
610 1 |a проектирование 
610 1 |a прочность 
675 |a 624.012.45.04  |v 3 
700 1 |a Улицкий  |b И. И.  |g Иосиф Иоахимович 
801 1 |a RU  |b 63413507  |c 20121120 
801 2 |a RU  |b 63413507  |c 20130613  |g RCR 
942 |c BK